Derecho procesal penal. Tomo II /

Guardado en:
Autor Principal: Clariá Olmedo, Jorge A.
Otros Autores: Chiara Díaz, Carlos Alberto., Meana, José María.
Formato: Libro
Idioma:Spanish
Publicado: Santa Fe : Rubinzal - Culzoni, 2001.
Edición:1a. ed.
Materias:
Etiquetas: Agregar Etiqueta
Sin Etiquetas, Sea el primero en etiquetar este registro!
LEADER 00617nam a22001815a 4500
001 DER.der000030
008 180615s2001####ag#||||||||||||||#||spa||
005 20250617131401.0
245 1 0 |a Derecho procesal penal.  |n Tomo II /  |c Jorge A. Clariá Olmedo ; actualizado por Carlos Alberto Chiara Díaz. 
250 |a 1a. ed. 
260 |a Santa Fe :  |b Rubinzal - Culzoni,  |c 2001. 
300 |a 544 p. 
020 |a 9507271562 
100 1 |a Clariá Olmedo, Jorge A. 
700 1 |a Chiara Díaz, Carlos Alberto. 
700 1 |a Meana, José María. 
650 7 |a DERECHO PROCESAL PENAL 
859 |a DERECHO  |b BIB. DERECHO  |h 345.05  |i CLA  |p 000876  |3 Tomo II